Computerisation of engineer reconnissance and planing data book (Record no. 550964)
[ view plain ]
| 000 -LEADER | |
|---|---|
| fixed length control field | 00331nam a22001217a 4500 |
| 082 ## - DEWEY DECIMAL CLASSIFICATION NUMBER | |
| Classification number | P-147 |
| 100 ## - MAIN ENTRY--PERSONAL NAME | |
| Personal name | Saqib |
| 9 (RLIN) | 47854 |
| 245 ## - TITLE STATEMENT | |
| Title | Computerisation of engineer reconnissance and planing data book |
| Statement of responsibility, etc. | Saqib, Alauddin |
| 260 ## - PUBLICATION, DISTRIBUTION, ETC. | |
| Place of publication, distribution, etc. | Risalpur |
| Name of publisher, distributor, etc. | MCE |
| Date of publication, distribution, etc. | 19-4-2000. |
| 526 ## - STUDY PROGRAM INFORMATION NOTE | |
| Program name | 0 |
| Interest level | 0 |
| Reading level | 0 |
| Title point value | P_147 |
| 650 ## - SUBJECT ADDED ENTRY--TOPICAL TERM | |
| Topical term or geographic name entry element | Projs |
| 9 (RLIN) | 47855 |
| 942 ## - ADDED ENTRY ELEMENTS (KOHA) | |
| Source of classification or shelving scheme | |
| Koha item type | Book |
| Withdrawn status | Lost status | Source of classification or shelving scheme | Damaged status | Not for loan | Permanent Location | Current Location | Date acquired | Total Checkouts | Full call number | Barcode | Date last seen | Date last checked out | Price effective from | Koha item type |
|---|---|---|---|---|---|---|---|---|---|---|---|---|---|---|
| Military College of Engineering (MCE) | Military College of Engineering (MCE) | 11/28/2014 | 1 | P-147 | MCE-P-147 | 03/26/2015 | 03/26/2015 | 11/28/2014 | Book |
